000 00812nam a2200217 i 4500
001 110863
003 ES-MaACL
005 20260127062542.0
007 t|
008 070202s1929 sp ||||1| spa d
100 1 _aCallejo de la Cuesta, Pablo.
_933738
245 1 0 _aLucubraciones sociales
_b: presos y progenitores /
_cPablo Callejo de la Cuesta.
260 _aMadrid :
_bReus,
_c1929.
300 _a47 p. ;
_c18 cm.
490 1 _aPublicaciones de la Real Academia de Jurisprudencia y Legislación ;
_v79
500 _aConferencia leída el 19 de Noviembre de 1928.
700 _aReal Academia de Jurisprudencia y Legislación de España
_9217612
830 0 _aPublicaciones de la Real Academia de Jurisprudencia y Legislación ;
_v79
_9180630
852 _aES-MaACL
_jL-5243
999 _c110863
_d110863